[Event "XII Torneo Leonardo di Bona Masters"]
[Site "Cutro ITA"]
[Date "2006.04.26"]
[Round "4"]
[White "Blagojevic, Dragisa"]
[Black "Kasparov, Sergey"]
[Result "1-0"]
[WhiteElo "2536"]
[BlackElo "2481"]
[PlyCount "123"]
[EventDate "2006.04.23"]

1.d4 Nf6 2.c4 c5 3.d5 b5 4.Nf3 g6 5.cxb5 a6 6.e3 axb5 7.Bxb5 Qa5+ 8.Nc3 
Ba6 9.Bxa6 Qxa6 10.e4 d6 11.e5 dxe5 12.Nxe5 Bg7 13.Qd3 O-O 14.O-O Qxd3 15.
Nxd3 Na6 16.Be3 Rfb8 17.Rad1 c4 18.Ne5 Rxb2 19.Nxc4 Rc2 20.Nb6 Rb8 21.Nba4
Ne8 22.Rc1 Rxc1 23.Rxc1 Rc8 24.Nb5 Rxc1+ 25.Bxc1 Nec7 26.Nac3 Kf8 27.Nxc7 
Nxc7 28.Bf4 Na6 29.Nb5 Nb4 30.d6 e5 31.Bg5 Ke8 32.a4 Kd7 33.Bc1 f5 34.Ba3 
Nc6 35.f3 e4 36.fxe4 fxe4 37.Kf2 Bh6 38.Ke2 Bf4 39.g3 Bg5 40.Bc5 h5 41.Nc3
Ke6 42.Nxe4 Bd8 43.Nc3 Ba5 44.Nb5 Kd5 45.Be3 Bd8 46.h4 Ne5 47.Bf4 Nc4 48.
Nc7+ Kc6 49.Ne6 Bb6 50.Nf8 g5 51.hxg5 Nxd6 52.g6 Nf5 53.Ne6 Kd7 54.g7 Ne7 
55.Bg5 Kxe6 56.Bxe7 Kf7 57.Bb4 Kxg7 58.a5 Ba7 59.a6 Kf6 60.Be1 Bb8 61.Bf2 
Kg5 62.Kf3 1-0

[Event "XII Torneo Leonardo di Bona Masters"]
[Site "Cutro ITA"]
[Date "2006.04.26"]
[Round "4"]
[White "Brancaleoni, Maurizio"]
[Black "Blasco, Domenico"]
[Result "1-0"]
[WhiteElo "2286"]
[BlackElo "2008"]
[PlyCount "65"]
[EventDate "2006.04.23"]

1.Nf3 g6 2.d4 Bg7 3.e4 d6 4.Bc4 a6 5.O-O e6 6.Nbd2 Ne7 7.c3 Nd7 8.Re1 O-O 
9.Bb3 b6 10.Nf1 Bb7 11.Ng3 c5 12.h4 e5 13.h5 exd4 14.cxd4 cxd4 15.Nxd4 Nc5
16.Bc2 Nc6 17.Nde2 d5 18.h6 Bh8 19.exd5 Nb4 20.Nf4 Nxd5 21.Qg4 Nxf4 22.
Bxf4 Re8 23.Rxe8+ Qxe8 24.Bd6 Qe6 25.Nf5 Bf6 26.Ne7+ Bxe7 27.Qxe6 Nxe6 28.
Bxe7 Nd4 29.Bd3 Nf5 30.Bxf5 gxf5 31.Rd1 Bc6 32.Rd3 Re8 33.Rg3+ 1-0

[Event "XII Torneo Leonardo di Bona Masters"]
[Site "Cutro ITA"]
[Date "2006.04.26"]
[Round "4"]
[White "Cordi', Domenico"]
[Black "Cetkovic, Sergio"]
[Result "0-1"]
[WhiteElo "2065"]
[BlackElo "2101"]
[PlyCount "114"]
[EventDate "2006.04.23"]

1.e4 d6 2.Nf3 Nf6 3.Nc3 g6 4.d4 Bg7 5.Bc4 O-O 6.Bb3 Nc6 7.h3 Na5 8.Be3 
Nxb3 9.axb3 c6 10.O-O b6 11.b4 Bb7 12.Qd2 Qc8 13.Bh6 c5 14.bxc5 Nxe4 15.
Nxe4 Bxe4 16.Bxg7 Kxg7 17.Ng5 Bb7 18.cxd6 exd6 19.f4 h6 20.Nf3 Re8 21.Nh4 
Re4 22.Qf2 Qd8 23.Rfe1 Qf6 24.Rxe4 Bxe4 25.Re1 Bxc2 26.Qxc2 Qxh4 27.Qe4 d5
28.Qe5+ Qf6 29.Rc1 Qxe5 30.fxe5 Kf8 31.Rc7 Ke8 32.Kh2 a6 33.Rb7 b5 34.Rb6 
Ke7 35.b3 Ra7 36.h4 h5 37.g3 Rc7 38.Rxa6 Rc2+ 39.Kh3 Rd2 40.Rd6 Rxd4 41.
Kg2 b4 42.Rb6 Rd3 43.Rd6 Rxb3 44.Rxd5 Ke6 45.Rb5 Kf5 46.Rb7 Ke6 47.Rb6+ 
Kf5 48.Rb7 Kxe5 49.Rxf7 Rb1 50.Kf2 b3 51.Kg2 Rc1 52.Rb7 Rc3 53.Kf2 Kd5 54.
Rg7 Kc4 55.Rxg6 b2 56.Rb6 Rb3 57.Rc6+ Kb5 0-1

[Event "XII Torneo Leonardo di Bona Masters"]
[Site "Cutro ITA"]
[Date "2006.04.26"]
[Round "4"]
[White "Lazic, Miroljub"]
[Black "Di Caro, Calogero"]
[Result "1/2-1/2"]
[WhiteElo "2493"]
[BlackElo "2318"]
[PlyCount "29"]
[EventDate "2006.04.23"]

1.d4 e6 2.Nf3 Nf6 3.e3 c5 4.Nbd2 Nc6 5.c3 d5 6.Bd3 Bd6 7.O-O O-O 8.Qe2 e5 
9.dxc5 Bxc5 10.e4 h6 11.exd5 Nxd5 12.Nb3 Bd6 13.Rd1 Qe7 14.Bc2 Be6 15.c4 
1/2-1/2

[Event "XII Torneo Leonardo di Bona Masters"]
[Site "Cutro ITA"]
[Date "2006.04.26"]
[Round "4"]
[White "Serratore, Vincenzo"]
[Black "Sardo, Gabriele"]
[Result "0-1"]
[WhiteElo "2046"]
[BlackElo "2186"]
[PlyCount "90"]
[EventDate "2006.04.23"]

1.d4 d5 2.Bf4 Nf6 3.e3 e6 4.Nf3 c5 5.c3 Nc6 6.Nbd2 Bd6 7.Ne5 Qc7 8.Ndf3 
O-O 9.Bd3 Ne4 10.h4 cxd4 11.exd4 f6 12.Nxc6 Bxf4 13.Nb4 Bd7 14.Qb1 a5 15.
Nc2 e5 16.O-O Bg4 17.Nce1 Bf5 18.g3 Bh6 19.Ng2 g6 20.Re1 Rae8 21.Qc2 Nxg3 
22.Bxf5 Nxf5 23.dxe5 fxe5 24.Rad1 e4 25.Nh2 e3 26.f3 Qc5 27.Re2 Ng3 28.Ng4
Nxe2+ 29.Qxe2 Bg7 30.Rd3 d4 31.cxd4 Bxd4 32.Kh1 Qc1+ 33.Rd1 Qc5 34.a3 a4 
35.Ne1 Kg7 36.Qd3 Rd8 37.Qe4 Rfe8 38.Qxb7+ Qe7 39.Qc6 Qxh4+ 40.Kg2 h5 41.
Nh2 Qf2+ 42.Kh3 Be5 43.Rd7+ Kh6 44.Nf1 Qxf1+ 45.Ng2 Qh1# 0-1

[Event "XII Torneo Leonardo di Bona Masters"]
[Site "Cutro ITA"]
[Date "2006.04.26"]
[Round "4"]
[White "Van Hoolandt, Patrick"]
[Black "Mrdja, Milan"]
[Result "0-1"]
[WhiteElo "2246"]
[BlackElo "2409"]
[PlyCount "60"]
[EventDate "2006.04.23"]

1.d4 e6 2.c4 b6 3.Nf3 Bb7 4.Nc3 Bb4 5.Bg5 f6 6.Bh4 Ne7 7.e3 Nbc6 8.Qc2 Nf5
9.Bg3 Nce7 10.Bd3 Bxf3 11.gxf3 h5 12.h4 c5 13.dxc5 Nxg3 14.fxg3 Bxc5 15.
O-O-O Bxe3+ 16.Kb1 Bc5 17.g4 O-O 18.Be4 Rc8 19.Qa4 Nc6 20.Rh2 hxg4 21.fxg4
Ne5 22.h5 a5 23.h6 g5 24.Re2 Bb4 25.Qc2 Kh8 26.Bh7 Bxc3 27.bxc3 Rxc4 28.
Rxe5 fxe5 29.Qg6 Qe7 30.Qd3 Qxh7 0-1

[Event "XII Torneo Leonardo di Bona Masters"]
[Site "Cutro ITA"]
[Date "2006.04.27"]
[Round "5"]
[White "Blasco, Domenico"]
[Black "Scerbo, Antonio"]
[Result "1/2-1/2"]
[WhiteElo "2008"]
[BlackElo "2124"]
[PlyCount "93"]
[EventDate "2006.04.23"]

1.d4 Nf6 2.Bf4 g6 3.e3 Bg7 4.Be2 c5 5.h3 Qb6 6.b3 d6 7.Nf3 Nc6 8.c3 Bf5 9.
O-O Nd5 10.Na3 Nxf4 11.exf4 cxd4 12.Nc4 Qc5 13.b4 Qd5 14.Ne3 Qe4 15.Nxf5 
Qxf5 16.b5 Nd8 17.cxd4 Qxf4 18.Rc1 Ne6 19.Bc4 Nxd4 20.Nxd4 Bxd4 21.Bd5 Bc5
22.Bxb7 Rb8 23.Bc6+ Kf8 24.Qe2 Qf6 25.a4 Kg7 26.Qc4 Rhc8 27.Rc3 e6 28.Rf3 
Qd4 29.Qxd4+ Bxd4 30.Rd3 e5 31.Rfd1 f5 32.Kf1 Kf6 33.Ke2 g5 34.f3 h5 35.
Ra3 Rc7 36.Rad3 Rg7 37.Rh1 Bc5 38.Rb3 Rc7 39.Rd3 a6 40.Rhd1 axb5 41.axb5 
Ra7 42.R3d2 Bd4 43.Rb1 Ke6 44.Rd3 Rc7 45.Rbd1 Ra7 46.Rb1 Rc7 47.Rbd1 
1/2-1/2

[Event "XII Torneo Leonardo di Bona Masters"]
[Site "Cutro ITA"]
[Date "2006.04.27"]
[Round "5"]
[White "Cetkovic, Sergio"]
[Black "Brancaleoni, Maurizio"]
[Result "1/2-1/2"]
[WhiteElo "2101"]
[BlackElo "2286"]
[PlyCount "40"]
[EventDate "2006.04.23"]

1.e4 d6 2.d4 Nf6 3.f3 c5 4.dxc5 Qa5+ 5.Nd2 Qxc5 6.Nb3 Qb6 7.Qd3 Nc6 8.Bd2 
Bd7 9.Bc3 e5 10.O-O-O Nb4 11.Bxb4 Qxb4 12.Qd2 Qxd2+ 13.Rxd2 a5 14.Kb1 b5 
15.g4 h6 16.Ne2 b4 17.Ng3 g6 18.h4 Bc6 19.Bc4 Ra7 20.h5 Rh7 1/2-1/2

[Event "XII Torneo Leonardo di Bona Masters"]
[Site "Cutro ITA"]
[Date "2006.04.27"]
[Round "5"]
[White "Di Caro, Calogero"]
[Black "Van Hoolandt, Patrick"]
[Result "1-0"]
[WhiteElo "2318"]
[BlackElo "2246"]
[PlyCount "74"]
[EventDate "2006.04.23"]

1.d4 Nf6 2.c4 e6 3.g3 Bb4+ 4.Bd2 Qe7 5.Bg2 Nc6 6.e3 a5 7.Ne2 e5 8.d5 Nb8 
9.O-O O-O 10.Nbc3 e4 11.Qc2 Re8 12.a3 Bc5 13.Na4 d6 14.b4 Bg4 15.Rae1 axb4
16.axb4 Ba7 17.Nd4 Na6 18.h3 Bd7 19.Nb5 Nxd5 20.Qb3 Nf6 21.Nxa7 Rxa7 22.
Nc3 Raa8 23.f3 exf3 24.Rxf3 Bc6 25.e4 Nxe4 26.Nxe4 Bxe4 27.Rf4 f5 28.Rxf5 
Bxf5 29.Rxe7 Rxe7 30.Bxb7 Ra7 31.Bd5+ Kf8 32.Qf3 g6 33.g4 c6 34.Bh6+ Ke8 
35.Bxc6+ Kd8 36.Bg5 Nxb4 37.Bxe7+ Rxe7 1-0

[Event "XII Torneo Leonardo di Bona Masters"]
[Site "Cutro ITA"]
[Date "2006.04.27"]
[Round "5"]
[White "Drasko, Milan"]
[Black "Blagojevic, Dragisa"]
[Result "1/2-1/2"]
[WhiteElo "2504"]
[BlackElo "2536"]
[PlyCount "20"]
[EventDate "2006.04.23"]

1.Nf3 Nf6 2.g3 c5 3.c4 Nc6 4.Bg2 g6 5.O-O Bg7 6.d4 cxd4 7.Nxd4 O-O 8.Nc3 
Nxd4 9.Qxd4 d6 10.Qd3 Bf5 1/2-1/2

[Event "XII Torneo Leonardo di Bona Masters"]
[Site "Cutro ITA"]
[Date "2006.04.27"]
[Round "5"]
[White "Kasparov, Sergey"]
[Black "Marholev, Dimitar"]
[Result "1/2-1/2"]
[WhiteElo "2481"]
[BlackElo "2419"]
[PlyCount "141"]
[EventDate "2006.04.23"]

1.e4 e5 2.Nf3 Nc6 3.Bb5 a6 4.Bxc6 dxc6 5.O-O Be6 6.d4 exd4 7.Nxd4 Bc4 8.
Re1 c5 9.Nb3 Qxd1 10.Rxd1 b6 11.Bf4 Rc8 12.Nc3 Ne7 13.Rd2 Ng6 14.Bg3 h5 
15.h3 Be7 16.Nd5 Bg5 17.Rdd1 Bxd5 18.Rxd5 Bf4 19.Bxf4 Nxf4 20.Rf5 Ne6 21.
Rd1 Rd8 22.Rxd8+ Nxd8 23.Rd5 Ne6 24.Nc1 Ke7 25.Ne2 c6 26.Rd1 g5 27.f3 h4 
28.Kf2 Rf8 29.g4 hxg3+ 30.Nxg3 Rh8 31.Nf5+ Kf6 32.Kg3 Nf4 33.h4 Ne2+ 34.
Kf2 Nf4 35.hxg5+ Kxg5 36.Rg1+ Kf6 37.Ke3 Nd5+ 38.exd5 Kxf5 39.dxc6 Rc8 40.
f4 Rxc6 41.Rg5+ Kf6 42.a4 Re6+ 43.Kf3 Rd6 44.a5 c4 45.Ke3 Ke6 46.Re5+ Kd7 
47.Re4 Rc6 48.Kd4 b5 49.Re5 Rh6 50.Rd5+ Kc6 51.Rc5+ Kd6 52.Rf5 Rh2 53.b4 
Ke6 54.Re5+ Kd6 55.Rd5+ Ke7 56.c3 Rh3 57.Re5+ Kf6 58.Rc5 Rd3+ 59.Ke4 Rxc3 
60.Rc6+ Kg7 61.Rxa6 Rb3 62.Rb6 Rxb4 63.a6 c3+ 64.Kd3 Rxf4 65.Kxc3 Ra4 66.
Kd3 f6 67.Rxb5 Rxa6 68.Ke4 Kg6 69.Kf4 Ra4+ 70.Kf3 f5 71.Rb8 1/2-1/2

[Event "XII Torneo Leonardo di Bona Masters"]
[Site "Cutro ITA"]
[Date "2006.04.27"]
[Round "5"]
[White "Mrdja, Milan"]
[Black "Wohl, Aleksandar H."]
[Result "1/2-1/2"]
[WhiteElo "2409"]
[BlackElo "2432"]
[PlyCount "117"]
[EventDate "2006.04.23"]

1.e4 c5 2.Nf3 Nc6 3.d4 cxd4 4.Nxd4 Qb6 5.Nb3 Nf6 6.Nc3 e6 7.Qe2 Bb4 8.Bd2 
O-O 9.a3 Bxc3 10.Bxc3 e5 11.O-O-O Qc7 12.g4 d6 13.g5 Ne8 14.h4 Be6 15.Kb1 
Rb8 16.f4 exf4 17.Nd4 Nxd4 18.Bxd4 b5 19.Qd2 a5 20.Qxf4 b4 21.Qe3 Qc6 22.
axb4 axb4 23.b3 f5 24.gxf6 Nxf6 25.Rg1 Rb7 26.Bd3 Ng4 27.Qg5 Ne5 28.Bxe5 
dxe5 29.Qxe5 Ra8 30.Kb2 Rba7 31.Qxe6+ Qxe6 32.Bc4 Ra2+ 33.Kc1 Ra1+ 34.Kd2 
Qxc4 35.bxc4 R1a2 36.Rc1 Rd8+ 37.Ke3 Ra3+ 38.Kf4 Rc3 39.Rgd1 Re8 40.Rd4 b3
41.Rd3 b2 42.Rb1 Rxc2 43.c5 Rb8 44.Rdd1 Rxc5 45.Rd2 Rcb5 46.Rc2 Rb4 47.Kf3
Rb3+ 48.Kf4 Rf8+ 49.Ke5 Rb5+ 50.Kd6 Re8 51.Rcxb2 Rxb2 52.Rxb2 Rxe4 53.h5 
h6 54.Rh2 g5 55.hxg6 Kg7 56.Rg2 h5 57.Kd5 Re8 58.Rg1 h4 59.Rh1 1/2-1/2

[Event "XII Torneo Leonardo di Bona Masters"]
[Site "Cutro ITA"]
[Date "2006.04.27"]
[Round "5"]
[White "Serratore, Vincenzo"]
[Black "Cordi', Domenico"]
[Result "0-1"]
[WhiteElo "2046"]
[BlackElo "2065"]
[PlyCount "126"]
[EventDate "2006.04.23"]

1.d4 Nf6 2.Bf4 g6 3.e3 Bg7 4.Nf3 d6 5.Bd3 O-O 6.Nbd2 Nc6 7.Qe2 Qe8 8.Bg5 
e5 9.Bxf6 Bxf6 10.d5 Nb4 11.e4 Nxd3+ 12.Qxd3 Bg7 13.O-O-O f5 14.h4 fxe4 
15.Nxe4 Bf5 16.Kb1 Qa4 17.Nfd2 Bh6 18.f3 Bxd2 19.Rxd2 Bxe4 20.fxe4 Rf4 21.
Re2 Raf8 22.Ree1 h5 23.Rh3 Qxe4 24.Rc1 Qxd3 25.cxd3 R8f7 26.Rc4 Rf1+ 27.
Kc2 R7f2+ 28.Kb3 Rb1 29.Rc2 Rxc2 30.Kxc2 Rg1 31.Rg3 Kg7 32.Rg5 Rh1 33.g3 
Kf6 34.a3 a5 35.a4 b6 36.b3 Rh2+ 37.Kc3 Rg2 38.b4 axb4+ 39.Kxb4 Rf2 40.Kb5
Rc2 41.g4 hxg4 42.Rxg4 Rc5+ 43.Kb4 Rxd5 44.Kc3 Rd4 45.Rxd4 exd4+ 46.Kc4 c6
47.Kxd4 Kf5 48.Kc4 Kg4 49.d4 d5+ 50.Kb4 Kxh4 51.a5 bxa5+ 52.Kxa5 g5 53.Kb6
g4 54.Kxc6 g3 55.Kxd5 g2 56.Kc6 g1=Q 57.d5 Qg8 58.Kd6 Qd8+ 59.Ke6 Kg4 60.
d6 Kf4 61.d7 Ke4 62.Kd6 Kd4 63.Ke6 Kc5 0-1

[Event "XII Torneo Leonardo di Bona Masters"]
[Site "Cutro ITA"]
[Date "2006.04.28"]
[Round "6"]
[White "Blagojevic, Dragisa"]
[Black "Bentivegna, Francesco"]
[Result "1-0"]
[WhiteElo "2536"]
[BlackElo "2287"]
[PlyCount "79"]
[EventDate "2006.04.23"]

1.d4 d5 2.c4 e5 3.dxe5 d4 4.Nf3 Nc6 5.g3 Nge7 6.Bg2 Ng6 7.Bg5 Qd7 8.e6 
fxe6 9.O-O e5 10.Bc1 Be7 11.Nbd2 Qd8 12.Ne4 Bf5 13.Ne1 Qd7 14.Nd3 Bh3 15.
Bd2 Bxg2 16.Kxg2 Qf5 17.f3 O-O 18.Qb3 Nd8 19.c5+ Kh8 20.a4 Rb8 21.a5 Ne6 
22.a6 b6 23.cxb6 cxb6 24.Rfc1 Bg5 25.Qc2 Be3 26.Qd1 Ng5 27.Nxg5 Qxg5 28.
Bxe3 dxe3 29.Ra4 Nf4+ 30.Nxf4 exf4 31.Rd4 Rbd8 32.Rcc4 h6 33.Qd3 Qe7 34.
gxf4 b5 35.Rxd8 Qxd8 36.Rd4 Qb6 37.Rd6 Qc7 38.Qd4 Qf7 39.Rxh6+ Kg8 40.Rh4 
1-0

[Event "XII Torneo Leonardo di Bona Masters"]
[Site "Cutro ITA"]
[Date "2006.04.28"]
[Round "6"]
[White "Blasco, Domenico"]
[Black "Serratore, Vincenzo"]
[Result "0-1"]
[WhiteElo "2008"]
[BlackElo "2046"]
[PlyCount "78"]
[EventDate "2006.04.23"]

1.d4 d5 2.Bf4 e6 3.e3 Bd6 4.Bg3 Ne7 5.Bd3 Nbc6 6.Nf3 a6 7.c3 O-O 8.Nbd2 b5
9.e4 dxe4 10.Nxe4 f5 11.Nxd6 cxd6 12.Bf4 Ng6 13.Bg5 Qb6 14.O-O Bb7 15.Be3 
Qc7 16.Ng5 Rf6 17.Qh5 Nf8 18.Bc2 Ne7 19.Qe2 e5 20.Bb3+ d5 21.dxe5 Qxe5 22.
Nf3 Qc7 23.Nd4 f4 24.Bd2 Kh8 25.Rfe1 Nfg6 26.Nf3 Nf5 27.Ne5 Nfh4 28.Nxg6+ 
Nxg6 29.f3 Raf8 30.Qf2 h5 31.Re2 Ne5 32.Qd4 Nc4 33.Bxc4 dxc4 34.Rae1 Qc6 
35.Re5 Rg6 36.Rxh5+ Kg8 37.Qf2 Qxf3 38.Qxf3 Bxf3 39.Kf2 Bxh5 0-1

[Event "XII Torneo Leonardo di Bona Masters"]
[Site "Cutro ITA"]
[Date "2006.04.28"]
[Round "6"]
[White "Brancaleoni, Maurizio"]
[Black "Van Hoolandt, Patrick"]
[Result "1/2-1/2"]
[WhiteElo "2286"]
[BlackElo "2246"]
[PlyCount "57"]
[EventDate "2006.04.23"]

1.d4 Nf6 2.c4 e6 3.g3 Bb4+ 4.Bd2 Qe7 5.Bg2 Nc6 6.e3 O-O 7.Nc3 e5 8.Nd5 
Nxd5 9.cxd5 exd4 10.dxc6 dxe3 11.fxe3 Qxe3+ 12.Ne2 Bxd2+ 13.Qxd2 Qxd2+ 14.
Kxd2 dxc6 15.Rae1 Rd8+ 16.Kc1 Be6 17.Nc3 Kf8 18.Rhf1 Rd6 19.Rf4 Rad8 20.
Ra4 a6 21.Bf3 h6 22.Rd1 Bd5 23.Be2 Be6 24.Ne4 Rd5 25.Nc3 R5d6 26.Bf3 Bd5 
27.Be2 Be6 28.Ne4 Rd5 29.Nc3 1/2-1/2

[Event "XII Torneo Leonardo di Bona Masters"]
[Site "Cutro ITA"]
[Date "2006.04.28"]
[Round "6"]
[White "Mrdja, Milan"]
[Black "Kasparov, Sergey"]
[Result "1/2-1/2"]
[WhiteElo "2409"]
[BlackElo "2481"]
[PlyCount "20"]
[EventDate "2006.04.23"]

1.e4 c6 2.d4 d5 3.e5 Bf5 4.Nc3 h5 5.Bd3 Bxd3 6.Qxd3 e6 7.Nf3 Ne7 8.O-O Nf5
9.Ne2 Be7 10.b3 Nd7 1/2-1/2

[Event "XII Torneo Leonardo di Bona Masters"]
[Site "Cutro ITA"]
[Date "2006.04.28"]
[Round "6"]
[White "Naumkin, Igor"]
[Black "Di Caro, Calogero"]
[Result "1/2-1/2"]
[WhiteElo "2415"]
[BlackElo "2318"]
[PlyCount "69"]
[EventDate "2006.04.23"]

1.d4 e6 2.c4 Bb4+ 3.Nd2 c5 4.a3 Bxd2+ 5.Qxd2 cxd4 6.Nf3 Nf6 7.Nxd4 O-O 8.
e3 d5 9.cxd5 Qxd5 10.Nb5 Nc6 11.Qxd5 Nxd5 12.Bd2 Rd8 13.f3 e5 14.Be2 a6 
15.Nc3 Nxc3 16.Bxc3 Be6 17.Kf2 Bb3 18.Rhc1 Rac8 19.Be1 Ne7 20.Rc3 Rxc3 21.
Bxc3 f6 22.Rc1 Rc8 23.Bd2 Rxc1 24.Bxc1 Nd5 25.e4 Nb6 26.g3 Kf7 27.f4 Na4 
28.Ke3 Nc5 29.Bf3 a5 30.h4 b6 31.Bd2 Na4 32.Bc1 Nc5 33.f5 Ke7 34.g4 h6 35.
Bd2 1/2-1/2

[Event "XII Torneo Leonardo di Bona Masters"]
[Site "Cutro ITA"]
[Date "2006.04.28"]
[Round "6"]
[White "Sardo, Gabriele"]
[Black "Cetkovic, Sergio"]
[Result "1-0"]
[WhiteElo "2186"]
[BlackElo "2101"]
[PlyCount "71"]
[EventDate "2006.04.23"]

1.c4 d6 2.d4 Nf6 3.Nc3 g6 4.e4 Bg7 5.Nf3 O-O 6.Be2 e5 7.O-O Nc6 8.d5 Ne7 
9.b4 a5 10.Ba3 axb4 11.Bxb4 b6 12.a4 Nh5 13.g3 Bh3 14.Re1 f5 15.Ng5 c5 16.
Ba3 Nf4 17.gxf4 exf4 18.Ne6 Qc8 19.Nxg7 Kxg7 20.Bb2 Kg8 21.Bf3 g5 22.e5 
dxe5 23.Rxe5 Ng6 24.Re6 Nh4 25.Bh5 g4 26.Re7 Nf3+ 27.Qxf3 gxf3 28.Ne4 Rf7 
29.Bxf7+ Kf8 30.Be6 Kxe7 31.Bf6+ Kf8 32.Bxc8 Rxc8 33.Nd6 Ra8 34.Re1 h5 35.
Re7 h4 36.Rh7 1-0

[Event "XII Torneo Leonardo di Bona Masters"]
[Site "Cutro ITA"]
[Date "2006.04.28"]
[Round "6"]
[White "Voiska, Margarita"]
[Black "Lazic, Miroljub"]
[Result "1-0"]
[WhiteElo "2314"]
[BlackElo "2493"]
[PlyCount "65"]
[EventDate "2006.04.23"]

1.d4 d5 2.c4 c6 3.cxd5 cxd5 4.Nc3 e5 5.e3 e4 6.Qb3 Nf6 7.Bd2 Nc6 8.Nh3 
Bxh3 9.gxh3 Qd7 10.Na4 Bd6 11.Rc1 O-O 12.Nc5 Bxc5 13.Rxc5 Nd8 14.Rc1 Qf5 
15.Bb4 Re8 16.Bd6 Ne6 17.Be5 Nd7 18.Bg3 Nb6 19.Be2 Ng5 20.Bg4 Nf3+ 21.Ke2 
Qg6 22.Bxf3 exf3+ 23.Kxf3 Qe4+ 24.Ke2 Qxd4 25.Rhd1 Qe4 26.Qc2 Qg2 27.b3 
Qxh3 28.Qc7 d4 29.Qxb7 dxe3 30.fxe3 h6 31.Rc7 Qe6 32.Qf3 Rac8 33.Rd6 1-0

[Event "XII Torneo Leonardo di Bona Masters"]
[Site "Cutro ITA"]
[Date "2006.04.28"]
[Round "6"]
[White "Wohl, Aleksandar H."]
[Black "Marholev, Dimitar"]
[Result "1/2-1/2"]
[WhiteElo "2432"]
[BlackElo "2419"]
[PlyCount "70"]
[EventDate "2006.04.23"]

1.e4 e5 2.Nf3 Nc6 3.Bb5 g6 4.Nc3 Bg7 5.O-O a6 6.Ba4 d6 7.Re1 Ne7 8.Nd5 O-O
9.c3 Nxd5 10.exd5 Ne7 11.Bb3 Bg4 12.h3 Bxf3 13.Qxf3 f5 14.d4 e4 15.Qe2 Qd7
16.f3 Rae8 17.Bd2 exf3 18.Qxf3 Kh8 19.Re6 Ng8 20.Rae1 Nf6 21.Bc2 c6 22.
Rxe8 Rxe8 23.Rxe8+ Qxe8 24.dxc6 bxc6 25.Bf4 d5 26.Qe3 Ne4 27.Qe2 Qc8 28.
Bd3 a5 29.Qc2 c5 30.dxc5 Qxc5+ 31.Kh2 h6 32.Bxe4 dxe4 33.Qd2 g5 34.Be3 
Qc7+ 35.g3 Be5 1/2-1/2

[Event "XII Torneo Leonardo di Bona Masters"]
[Site "Cutro ITA"]
[Date "2006.04.29"]
[Round "7"]
[White "Cetkovic, Sergio"]
[Black "Blasco, Domenico"]
[Result "1/2-1/2"]
[WhiteElo "2101"]
[BlackElo "2008"]
[PlyCount "114"]
[EventDate "2006.04.23"]

1.e4 g6 2.d4 Bg7 3.f3 d6 4.Nc3 a6 5.h4 e5 6.d5 h6 7.Be3 f5 8.g3 Nf6 9.Qd2 
fxe4 10.Nxe4 Bf5 11.Nxf6+ Qxf6 12.g4 Bd7 13.g5 Qf8 14.Bd3 Bf5 15.O-O-O h5 
16.Be4 Nd7 17.Ne2 Bxe4 18.fxe4 O-O-O 19.Rdf1 Qe7 20.b4 b6 21.c4 Rhf8 22.
Qd3 Kb7 23.Nc3 Rxf1+ 24.Rxf1 Rf8 25.Na4 Rxf1+ 26.Qxf1 Qf8 27.Qe2 Qe7 28.
Nc3 Nb8 29.a4 Qd7 30.Qg2 Qe8 31.Kc2 Bf8 32.Qf2 Be7 33.Kb3 Qf8 34.Qg2 Qf7 
35.Qh3 Bd8 36.Nd1 Qd7 37.Qg3 Qf7 38.Nf2 c6 39.Nd3 cxd5 40.cxd5 Nd7 41.Nb2 
b5 42.Qh3 Nf8 43.a5 Bc7 44.Nd3 Bd8 45.Bf2 Qc7 46.Qe3 Kb8 47.Nb2 Qf7 48.Nd3
Kc8 49.Qe2 Kb8 50.Bg3 Bc7 51.Qe1 Bd8 52.Bf2 Kb7 53.Qe2 Kb8 54.Qe3 Kc8 55.
Qh3+ Kb8 56.Qf1 Kc8 57.Qe2 Kb8 1/2-1/2

[Event "XII Torneo Leonardo di Bona Masters"]
[Site "Cutro ITA"]
[Date "2006.04.29"]
[Round "7"]
[White "Cordi', Domenico"]
[Black "Lazic, Miroljub"]
[Result "0-1"]
[WhiteElo "2065"]
[BlackElo "2493"]
[PlyCount "86"]
[EventDate "2006.04.23"]

1.e4 d6 2.d4 Nf6 3.Bd3 Nc6 4.c3 e5 5.d5 Nb8 6.c4 Be7 7.Nc3 O-O 8.Nge2 Nfd7
9.Ng3 Bg5 10.Bd2 Nc5 11.Bc2 a5 12.b3 c6 13.O-O Nba6 14.a3 cxd5 15.Nxd5 Be6
16.b4 axb4 17.axb4 Bxd5 18.cxd5 Bxd2 19.Qxd2 Nd7 20.Nf5 Nb6 21.Bd3 Nc7 22.
Rxa8 Ncxa8 23.Ra1 g6 24.Ne3 Qc7 25.Rc1 Qd7 26.Qe2 Rc8 27.Ra1 Kg7 28.h3 h5 
29.Kh2 Qc7 30.Ra7 Qb8 31.Qa2 Rc3 32.Be2 Rc8 33.Qa1 Kh7 34.Qa5 Qc7 35.Ba6 
Rb8 36.Qa2 Nc8 37.Qc4 Nxa7 38.Qxc7 Nxc7 39.Bd3 b5 40.Nc2 Na6 41.Be2 Rc8 
42.Bd3 Rc3 43.Ne1 Nxb4 0-1

[Event "XII Torneo Leonardo di Bona Masters"]
[Site "Cutro ITA"]
[Date "2006.04.29"]
[Round "7"]
[White "Di Caro, Calogero"]
[Black "Roeder, Matthias"]
[Result "1/2-1/2"]
[WhiteElo "2318"]
[BlackElo "2403"]
[PlyCount "22"]
[EventDate "2006.04.23"]

1.d4 Nf6 2.c4 e6 3.g3 Bb4+ 4.Bd2 a5 5.Bg2 O-O 6.Nf3 b6 7.O-O Ba6 8.Qc2 d5 
9.Ne5 c6 10.Rd1 Nbd7 11.Nd3 Be7 1/2-1/2

[Event "XII Torneo Leonardo di Bona Masters"]
[Site "Cutro ITA"]
[Date "2006.04.29"]
[Round "7"]
[White "Drasko, Milan"]
[Black "Mrdja, Milan"]
[Result "1/2-1/2"]
[WhiteElo "2504"]
[BlackElo "2409"]
[PlyCount "37"]
[EventDate "2006.04.23"]

1.d4 Nf6 2.c4 c5 3.d5 e6 4.Nc3 exd5 5.cxd5 Bd6 6.Nf3 Bc7 7.g3 d6 8.Bg2 O-O
9.O-O a6 10.a4 Re8 11.Nd2 Nbd7 12.b3 Rb8 13.Bb2 Nf8 14.h3 h5 15.e4 b5 16.
axb5 axb5 17.f4 Ba5 18.Qf3 Ng6 19.Kh2 1/2-1/2

[Event "XII Torneo Leonardo di Bona Masters"]
[Site "Cutro ITA"]
[Date "2006.04.29"]
[Round "7"]
[White "Kasparov, Sergey"]
[Black "Wohl, Aleksandar H."]
[Result "1-0"]
[WhiteElo "2481"]
[BlackElo "2432"]
[PlyCount "131"]
[EventDate "2006.04.23"]

1.d4 Nf6 2.c4 e6 3.Nc3 Bb4 4.e3 O-O 5.Ne2 Re8 6.a3 Bf8 7.d5 d6 8.g3 Nbd7 
9.dxe6 fxe6 10.Bg2 c6 11.e4 e5 12.O-O Nb6 13.b3 Be6 14.Be3 Qd7 15.Qd3 Rad8
16.Rad1 Qf7 17.f4 Ng4 18.f5 Qh5 19.h4 Nxe3 20.Qxe3 Bf7 21.Bf3 Qh6 22.Qxh6 
gxh6 23.Kh2 h5 24.a4 a5 25.Rd3 Nd7 26.Rb1 Nc5 27.Rdd1 Bh6 28.Nc1 Kg7 29.
Nd3 Be3 30.Nxc5 Bxc5 31.Rd3 Kf6 32.Rbd1 Rd7 33.R1d2 Ra8 34.Nd1 Rb8 35.Ne3 
Bd4 36.Nc2 Bc5 37.Ne3 Ke7 38.Rg2 Rg8 39.Rgd2 Kd8 40.Bd1 Kc7 41.Bf3 Kb6 42.
Nc2 Be8 43.Rg2 Rf8 44.Rgd2 Rf6 45.Rd1 Bf7 46.Ne3 Bxe3 47.Rxe3 Rd8 48.Kg2 
Kc5 49.Kf2 Kb4 50.Red3 d5 51.exd5 cxd5 52.Bxd5 Rxf5+ 53.Ke3 e4 54.Bxe4 Re8
55.Rd8 Rfe5 56.Rxe8 Rxe8 57.Kf4 Kxb3 58.c5 Re7 59.Bxb7 Kxa4 60.c6 Be6 61.
Rc1 Bd5 62.Bc8 Rc7 63.Ke5 Bb3 64.Bd7 Kb5 65.Kd6 Kb6 66.Re1 1-0

[Event "XII Torneo Leonardo di Bona Masters"]
[Site "Cutro ITA"]
[Date "2006.04.29"]
[Round "7"]
[White "Marholev, Dimitar"]
[Black "Voiska, Margarita"]
[Result "1-0"]
[WhiteElo "2419"]
[BlackElo "2314"]
[PlyCount "65"]
[EventDate "2006.04.23"]

1.e4 c5 2.Nf3 Nc6 3.b3 e6 4.Bb2 b6 5.d4 cxd4 6.Nxd4 Bb7 7.Nxc6 Bxc6 8.Bd3 
d6 9.Nd2 Nf6 10.Qe2 Be7 11.O-O O-O 12.f4 Nd7 13.c4 Bf6 14.e5 dxe5 15.Ne4 
Bxe4 16.Bxe4 Rc8 17.Rad1 g6 18.fxe5 Be7 19.Qg4 Qc7 20.Qg3 Rcd8 21.h4 Rfe8 
22.h5 Nf8 23.Rxd8 Rxd8 24.Kh1 Bb4 25.Bc1 Bd2 26.Ba3 Bh6 27.Bd6 Qd7 28.b4 
Bg7 29.c5 bxc5 30.bxc5 Rc8 31.Qf3 a5 32.Bb7 Rd8 33.c6 1-0

[Event "XII Torneo Leonardo di Bona Masters"]
[Site "Cutro ITA"]
[Date "2006.04.29"]
[Round "7"]
[White "Serratore, Vincenzo"]
[Black "Scerbo, Antonio"]
[Result "1-0"]
[WhiteElo "2046"]
[BlackElo "2124"]
[PlyCount "87"]
[EventDate "2006.04.23"]

1.d4 Nf6 2.Bf4 g6 3.e3 Bg7 4.Nd2 d6 5.Ngf3 Nh5 6.Bg5 h6 7.Bh4 g5 8.Bg3 c5 
9.c3 Bf5 10.e4 Bg6 11.dxc5 Nxg3 12.hxg3 dxc5 13.Qb3 Qc7 14.O-O-O O-O 15.
Bd3 Nc6 16.Nc4 Rab8 17.a4 b6 18.Ne3 Qc8 19.Nd2 Rd8 20.Qb5 Ne5 21.Be2 Qd7 
22.Kc2 Qb7 23.f3 e6 24.Qa6 Qxa6 25.Bxa6 Kf8 26.f4 Nc6 27.Kc1 Ne7 28.Be2 f6
29.Bh5 Kf7 30.f5 Bxh5 31.Rxh5 Rd3 32.Ndc4 Rbd8 33.Rhh1 Rxd1+ 34.Rxd1 Rxd1+
35.Kxd1 h5 36.Nd6+ Kf8 37.fxe6 Nc6 38.Nef5 Ne7 39.Nb5 Nc8 40.Nc7 Ne7 41.
Nd5 Nc6 42.e7+ Kf7 43.b4 cxb4 44.Nd6+ 1-0